000 00314nam a2200121Ia 4500
008 191201s2008 xx 000 0 und d
100 _aGOPAL,D.P.
245 0 _aManagement information system managerial perspective
260 _aN. delhi
_bMacmillan
_c2008
300 _a372
650 _aB.Tech(CSE)
942 _2ddc
_cBK
999 _c304
_d304